000 00946nam a22001935i 4500
001 165522
003 ES-MaACL
005 20260201063017.0
008 020122s1871 sp |||| | spa d
040 _aCAM
_bspa
_cCAM
100 1 _aPitarra, Serafí,
_d1839-1895
_992408
245 1 3 _aEl conceller y el monarca
_b: drama histórico en tres actos y en verso /
_coriginal de Federico Soler.
260 _aBarcelona :
_b[s.n.],
_c1871 (
_fImprenta de Jaime Jepús)
300 _a65 p. ;
_c19 cm.
500 _aEn port.: Estrenado en el teatro de Novedades á beneficio del distinguido primer actor y director José Izquierdo, la noche del 10 de agosto de 1871.
596 _aEn verso de la port. consta: Gullon e Hidalgo.
852 _aES-MaACL
_jF-8556(10)
_z-- Enc. pasta española, falto de la enc. editorial
_z-- Enc. en un vol. facticio formando parte de la col. facticia "Teatro español moderno", v.8
999 _c165522
_d165522